Modern Quantum Mechanics
Αποθηκεύτηκε σε:
| Κύριος συγγραφέας: | |
|---|---|
| Άλλοι συγγραφείς: | |
| Μορφή: | Βιβλίο |
| Γλώσσα: | Greek |
| Δημοσίευση: |
Reading :
Addison-Wesley,
c1994
|
| Έκδοση: | Rev. ed. |
| Θέματα: | |
| Ετικέτες: |
Προσθήκη ετικέτας
Δεν υπάρχουν, Καταχωρήστε ετικέτα πρώτοι!
|
MARC
| LEADER | 00000nam a2200000 i 4500 | ||
|---|---|---|---|
| 001 | 1/41400 | ||
| 008 | 950224s1994 gre d | ||
| 020 | |a 0-201-53929-2 | ||
| 035 | |a 1994 |c ΜΑΡΟΥΛΗΣ |l 10041498 | ||
| 040 | |a GR-MY-UA |b gre |e aacr | ||
| 041 | 0 | |a gre | |
| 082 | 0 | |a 530.12 | |
| 100 | 1 | |a Sakurai, J. J. |q (Jun John) |d 1933-1982. | |
| 245 | 1 | 0 | |a Modern Quantum Mechanics / |c J.J. Sakurai ; San Fu Tuan, editor |
| 250 | |a Rev. ed. | ||
| 260 | |a Reading : |b Addison-Wesley, |c c1994 | ||
| 300 | |a 500 p.; |c 24 cm. | ||
| 500 | |a Includes bibliographical references and index | ||
| 650 | 0 | 0 | |a Quantum theory. |
| 700 | 1 | |a Tuan, San Fu |d 1932- |4 edt | |
| 852 | |a INST |b SAMOS |e 19950224 |h 530.12 SAK |p 005300005931 |q 005300005931 |t BK |y 0 | ||
| 909 | |a Σ |b 038805 | ||